| 000 | 00513nam a22001817a 4500 | ||
|---|---|---|---|
| 005 | 20250106162940.0 | ||
| 010 | _aENG-143170 | ||
| 020 |
_a9789390670925 _c250.00 |
||
| 035 | _aEN-126702 | ||
| 037 | _bDBAD | ||
| 082 | _a881 | ||
| 100 |
_aAnand, Jernail Singh _975935 |
||
| 245 |
_aSkep Tik/ _cby Jernail Singh Anand |
||
| 260 |
_aGurugram _bEarth Vision Publications _c2024 |
||
| 270 |
_aH-23/16, DLF Phase-1 _bGurugram _e122002 |
||
| 300 |
_a63p. _c21cm(hbk) |
||
| 942 |
_2ddc _cEN _mANA _h881 |
||
| 999 |
_c208093 _d208093 |
||